000 00408nam a22001457a 4500
008 211011b ||||| |||| 00| 0 eng d
020 _a9781572244214
041 _aeng
080 _a159.9
082 _a159.9
100 _a48
101 _aPSI
245 _aThe turbulent twenties survival guide figuring out who you are, what you want & where you're going after college
_cSalazar,M.R
942 _2udc
_cBK
999 _c58141
_d58141